Largest Countries Entirely in the Southern Hemisphere - Statistics

General Stats
  • This quiz has been taken 109 times
  • The average score is 9 of 10
Answer Stats
Area (Sq. km) Country % Correct
7,692,024 Australia
99%
1,221,037 South Africa
98%
2,780,400 Argentina
97%
756,102 Chile
95%
1,246,700 Angola
90%
824,292 Namibia
87%
801,590 Mozambique
83%
1,098,581 Bolivia
81%
1,285,216 Peru
74%
945,087 Tanzania
72%
No matching quizzes found
Score Distribution
Percent of People with Each Score
Percentile by Number Answered
Your Score History
You have not taken this quiz